01735 a2200217 45000010006000000050017000060080041000230030015000640400040000790800023001192450033001420200022001752640041001973000026002385051076002640410008013401000026013487000021013747000023013958560099014184751420260407155742.0260407a2016 arg spa dAR-UNSa-BCEJYS aAR-UNSa-BCEJYSbspacAR-UNSa-BCEJYS a347xDerecho Civil10aDerecho civilpParte general a978-950-20-2733-3 1aBuenos Aires :bAbeledo Perrotc2016 alxxiv, 889 p.c24 cm. a1. Concepto, evolución y función actual del Derecho Civil - 2. Fuentes del Derecho Civil - 3. Aplicación e interpretación de las normas - 4. Efectos de la ley con relación al tiempo - 5. La codificación del Derecho Civil Argentino - 6. Las relaciones jurídicas y los derechos subjetivos - 7. La persona humana - 8. La capacidad de las personas humanas - 9. Los menores de edad - 10. Personas incapaces y con capacidad restringida - 11. La inhabilitación y la ancianidad - 12. Los demás atributos de la persona - 13. Derechos personalísimos - 14. Extinción de la persona humana - 15. Las personas jurídicas - 16. Asociaciones civiles y fundaciones - 17. El objeto de la relación jurídica - 18. El patrimonio - 19. Los hechos jurídicos - 20.Los actos jurídicos - 21. El negocio jurídico( continuación) - 22. La forma de los negocios jurídicos - 23. Instrumentos públicos - 24. Instrumentos privados - 25. Los vicios del acto voluntario - 26. Lesión - 27. La simulación - 28. El fraude - 29. Ineficacia de los actos jurídicos -  aspa1 aRivera, Julio César1 aMedina, Gabriela1 aCrovi, Luis Daniel41uhttps://www.biblioeco.unsa.edu.ar/pmb/images/libros/L127581.jpgyImagen de portadaqimage/jpeg